| 000 | 01370nam a22002777a 4500 | ||
|---|---|---|---|
| 005 | 20210325205447.0 | ||
| 008 | s2554 th tha d | ||
| 020 | _a9786167290362 | ||
| 041 | _atha | ||
| 050 | _aG465 พ451ร 2554 | ||
| 100 | 0 | _aพลอย มัลลิกะมาส | |
| 245 | 1 | 0 | _a100 วัน 1,000 ก้าว |
| 260 | 3 |
_aกรุงเทพฯ : _bวงกลม, _c2554 |
|
| 300 |
_a158 หน้า : _b ภาพประกอบ ; _c 18 ซม. |
||
| 650 | 0 | 4 | _aยุโรป -- ภูมิประเทศและการท่องเที่ยว |
| 650 | 0 | 4 | _aเอเชีย -- ภูมิประเทศและการท่องเที่ยว |
| 650 | 0 | 4 | _aฝรั่งเศส -- ภูมิประเทศและการท่องเที่ยว |
| 650 | 0 | 4 | _aฮ่องกง -- ความเป็นอยู่และประเพณี |
| 650 | 0 | 4 | _aเวียดนาม -- ความเป็นอยู่และประเพณี |
| 650 | 0 | 4 | _aการเดินทาง |
| 850 | _aNALT | ||
| 942 | _cGB | ||
| 997 | _a39119 ฉ.1 / 39120 ฉ.2 | ||
| 997 | _c000000000063575 | ||
| 998 | _aนางสาวเบญจลักษณ์ สุทธิวิไล | ||
| 999 |
_c63575 _d63575 |
||